000 00633nam a22001457a 4500
020 _a978-0-330-45853-5
082 _a823
_bBAN/P
100 _aBANERJEE, CHITRA
245 _aTHE PALACE OF ILLUSIONS
260 _aGREAT BRITAIN
_bPICADOR
_c2008
300 _a360
520 _aBooklist summarizes the plot: "Smart, resilient, and courageous Panchaali, born of fire, marries all five of the famously heroic Pandava brothers, harbors a secret love, endures a long exile in the wilderness, instigates a catastrophic war, and slowly learns the truth about Krishna, her mysterious friend."
650 _aNOVEL
_zUNITED KINGDOM
942 _cBK
999 _c2606
_d2606